000 00570nam a2200241 a 4500
001 nice12345678
003 IN_TiNIC
005 20260116011320.0
008 050524s1954 mysa grp 000 0 eng
020 _a
_c100
082 0 0 _a270.6
_bLEF
100 _aLefever, H C
245 _aHistory of the Reformation
260 _aMysore
_bChristian Literature Society
_c1954
300 _a231p
500 _aincludes index and biblioraphy
505 2 _aIndex
650 _aReformation
700 1 _aLefever, H C
902 _bSRS
942 _cBK
999 _c430
_d430